000 00608nam a22002177a 4500
003 OSt
005 20140310181920.0
008 130718t xxu||||| |||| 00| 0 eng d
020 _a073999702101
050 _aMT 425
_b.Sk628 1934
082 _aTR 784.193
_bSk5 1934
100 _aSkornicka, J. E
_91486
245 _aRubank Intermediate Method :
_bFlute or Piccolo /
_cJ.E. Skornicka, A.c. Petersern.
260 _aChicago :
_bRubank,
_c c1934.
300 _a48 p. ;
_c31 cm.
521 _aFaculty
541 _j1
562 _e1
650 _aFlute
_xpiccolo
_91487
942 _2lcc
_cBK-TR
_kTR
999 _c6932
_d6932